| 000 -ლიდერი |
| ფიქსირებული სიგრძის საკონტროლო ველი |
01318nam a2200217Ia 4500 |
| 001 - საკონტროლო ნომერი |
| საკონტროლო ველი |
21195 |
| 003 - საკონტროლო ნომრის იდენტიფიკატორი |
| საკონტროლო ველი |
GE_BSU |
| 005 - ბოლო ოპერაციის თარიღი და დრო |
| საკონტროლო ველი |
20230307122008.0 |
| 008 - ფიქსირებული სიგრძის მონაცემთა ელემენტები - ზოგადი ინფორმაცია |
| ფიქსირებული სიგრძის საკონტროლო ველი |
181216s2011||||ge |||||||||||||| ||geo|| |
| 040 ## - კატალოგიზაციის წყარო |
| Transcribing agency |
GE_BSU |
| 041 ## - ენის კოდი |
| Language code of text/sound track or separate title |
geo |
| 080 ## - უნივერსალური ათობითი კლასიფიკაციის ინდექსი |
| Universal Decimal Classification number |
347.961(479.22) ს-25 |
| 245 ## - ცნობა სათაურის შესახებ |
| Title |
სანოტარო სამართალი : ნორმატიული აქტების კრებული : |
| Remainder of title |
ცვლილებებითა და დამატებებით 2010 წლის 15 ნოემბრამდე. |
| 264 ## - წარმოების, გამოცემის, დისტრიბუციის და სხვა ცნობები |
| გამოცემის, წარმოების, დისტრიბუციის... ადგილი |
თბილისი : |
| გამოცემის, წარმოების, დისტრიბუციის... სახელწოდება |
ბონა კაუზა, |
| გამოცემის, წარმოების, დისტრიბუციის... თარიღი |
2011. |
| 300 ## - ფიზიკური აღწერა |
| Extent |
271 გვ. ; |
| Dimensions |
20 სმ. |
| 490 ## - სერიის ცნობა |
| Series statement |
იურისტის ბიბლიოთეკა |
| 500 ## - ზოგადი შენიშვნა |
| General note |
წინამდებარე კრებულში თავმოყრილია ის ნორმატიული აქტები,რომლებიც განსაზღვრავენ ნოტარიატის მოწყობისა და ნოტარიუსის სამსახურებრივი საქმიანობის სამართლებრივ საფუძვლებს |
| 653 ## - INDEX TERM--UNCONTROLLED |
| Uncontrolled term |
სანოტარო სამართალი |
| 942 ## - ADDED ENTRY ELEMENTS (KOHA) |
| Koha item type |
წიგნი |
| Source of classification or shelving scheme |
|